Normal view
MARC view
Entry Personal Name
001 - CONTROL NUMBER
- control field: 20058
003 - CONTROL NUMBER IDENTIFIER
- control field: OSt
005 - DATE AND TIME OF LATEST TRANSACTION
- control field: 20211105134445.0
008 - FIXED-LENGTH DATA ELEMENTS
- fixed length control field: 211105|| aca||aabn | a|a d
040 ## - CATALOGING SOURCE
- Original cataloging agency: OSt
- Transcribing agency: OSt
100 ## - HEADING--PERSONAL NAME
- Personal name: La Touche,T. H. D
670 ## - SOURCE DATA FOUND
- Source citation: Work cat.: (OSt): La Touche,T. H. D., A bibliography of Indian geology and physical geography with an annotated index of minerals of economic value., 1918